000 00564nam a2200205Ia 4500
005 20250505145733.0
008 008 250505s9999 xx 000 0 eng d
037 _aTextbook
040 _aFML
_bhin
_cFML
041 _ahin
_2hin
084 _aNR446214 R2
_qFML
100 _aVishwas, Utpal
_9754313
245 0 _aTripura Ke Lok Sangeet Ka Vivechanatmak Adhyan
260 _aDelhi
_bAkansha pub. House
_c2022
300 _a401p
365 _aINR
_b2000
650 _aMusic
942 _cTB
_hNR446214 R2
999 _c1311693
_d1311693